Survey of State Court Criminal Appeals, 2010

State appellate courts were created to detect and correct errors in trial court decisions and provide fair, consistent, and timely resolutions to all appeals. The Survey of State Court Criminal Appeals, 2010 (SSCCA) data were collected from a nationally representative sample of all criminal appeals...

Full description

Saved in:  
Bibliographic Details
Corporate Author: United States Department of Justice. Office of Justice Programs. Bureau of Justice Statistics. VerfasserIn (Author)
Format: Electronic Research Data
Language:English
Published: [Erscheinungsort nicht ermittelbar] [Verlag nicht ermittelbar] 2016
In:Year: 2016
Online Access: Volltext (kostenfrei)
Check availability: HBZ Gateway
Keywords:

MARC

LEADER 00000cam a22000002c 4500
001 1840044403
003 DE-627
005 20250706102914.0
007 cr uuu---uuuuu
008 230324s2016 xx |||||o 00| ||eng c
024 7 |a 10.3886/ICPSR36465.v1  |2 doi 
035 |a (DE-627)1840044403 
035 |a (DE-599)KXP1840044403 
040 |a DE-627  |b ger  |c DE-627  |e rda 
041 |a eng 
084 |a 2,1  |2 ssgn 
110 2 |a United States Department of Justice. Office of Justice Programs. Bureau of Justice Statistics  |e VerfasserIn  |4 aut 
245 1 0 |a Survey of State Court Criminal Appeals, 2010 
264 1 |a [Erscheinungsort nicht ermittelbar]  |b [Verlag nicht ermittelbar]  |c 2016 
336 |a Text  |b txt  |2 rdacontent 
337 |a Computermedien  |b c  |2 rdamedia 
338 |a Online-Ressource  |b cr  |2 rdacarrier 
520 |a State appellate courts were created to detect and correct errors in trial court decisions and provide fair, consistent, and timely resolutions to all appeals. The Survey of State Court Criminal Appeals, 2010 (SSCCA) data were collected from a nationally representative sample of all criminal appeals disposed in all 143 state appellate courts in 2010. The data include state court criminal appeals, resolution of appeals, and time to resolution. 
540 |a ICPSR Terms of Use 
650 4 |a appellate courts 
650 4 |a criminal courts 
650 4 |a Offenses 
655 7 |a Forschungsdaten  |0 (DE-588)1098579690  |0 (DE-627)857755366  |0 (DE-576)469182156  |2 gnd-content 
787 0 8 |i Forschungsdaten zu  |a King, Nancy J., 1958 -   |t Appeals by the Prosecution  |d 2018  |w (DE-627)191245856X 
787 0 8 |i Forschungsdaten zu  |a King, Nancy J., 1958 -   |t Appeals by the prosecution  |d 2018  |w (DE-627)1912458578 
787 0 8 |i Forschungsdaten zu  |a Waters, Nicole L.  |t Criminal Appeals in State Courts  |d Bureau of Justice Statistics, 2015  |w (DE-627)1912500086 
787 0 8 |i Forschungsdaten zu  |a King, Nancy J., 1958 -   |t Misdemeanor appeals  |d 2019  |w (DE-627)191262303X 
787 0 8 |i Forschungsdaten zu  |a Heise, Michael  |t State criminal appeals revealed  |d 2017  |w (DE-627)1912711370 
787 0 8 |i Forschungsdaten zu  |a Heise, Michael  |t State Felony Appeals Revealed  |d Vanderbilt University Law School, 2017  |w (DE-627)1912711656 
856 4 0 |u https://doi.org/10.3886/ICPSR36465.v1  |x Resolving-System  |z kostenfrei  |3 Volltext  |7 0 
935 |a mkri 
951 |a BO 
ELC |a 1 
LOK |0 000 xxxxxcx a22 zn 4500 
LOK |0 001 4296791745 
LOK |0 003 DE-627 
LOK |0 004 1840044403 
LOK |0 005 20230324125146 
LOK |0 008 230324||||||||||||||||ger||||||| 
LOK |0 035   |a (DE-2619)ICPSR36465 
LOK |0 040   |a DE-2619  |c DE-627  |d DE-2619 
LOK |0 092   |o n 
LOK |0 852   |a DE-2619 
LOK |0 852 1  |9 00 
LOK |0 935   |a foda  |a nacj 
LOK |0 939   |a 24-03-23  |b l01 
OAS |a 1 
ORI |a SA-MARC-krimdoka001.raw